| 000 | 00466cam a2200181ua 4500 | ||
|---|---|---|---|
| 001 | 7313 | ||
| 008 | 141206n ii |||gr||||Z||||||ben | ||
| 040 | _cMAIN | ||
| 041 | _aben | ||
| 082 | _a891.44 | ||
| 100 |
_aBandhyopadhyay, A.Kr., _eAuthor., |
||
| 245 | 1 |
_aBangla Sahityer itivritta : _b1st Vol. / _cBy Asit Kr. Bandyopadhyay . |
|
| 250 | _a6th. | ||
| 260 |
_aCalcutta: _bModern book, _c2006. |
||
| 300 | _a536p. | ||
| 653 | _aBengali literature | ||
| 942 | _cBK | ||
| 999 |
_c6438 _d6438 |
||